000 00662nam a2200217 a 4500
001 BRCA_2764
005 20190320203947.0
008 051208s1954----mx-a---###---#000-0#spa-u
050 4 _aNE1030
_b.W47 1954
100 1 _aWestheim, Paul
_96016
245 1 0 _aEl grabado en madera
_cPaul Westheim ; tr. de Mariana Frenk.
260 _aMéxico
_bFCE
_c1954
300 _a297 p.
_bil.
_c17 cm.
440 0 _aBreviarios del Fondo de Cultura Económica
_n95
_97775
500 _aIncluye índice temático y de ilustraciones.
500 _aAA82
650 1 4 _aGrabado en madera
_xHistoria
_97363
700 1 _aFrenk, Mariana
_etr.
_97776
902 _aGFM
942 _2lcc
_cB
999 _c2504
_d2504